Welcome to the Holygrace Academy Library

Please use search bar below to get started

GREAT PERSONALITIES OF THE WORLD (Record no. 6541)

MARC details
000 -LEADER
fixed length control field 00278nam a22001217a 4500
082 ## - DEWEY DECIMAL CLASSIFICATION NUMBER
Classification number 920
Item number THO/G
100 ## - MAIN ENTRY--AUTHOR NAME
Personal name THOMAS,B.J
245 ## - TITLE STATEMENT
Title GREAT PERSONALITIES OF THE WORLD
260 ## - PUBLICATION, DISTRIBUTION, ETC. (IMPRINT)
Place of publication CHENNAI
Name of publisher SPIDER BOOKS
300 ## - PHYSICAL DESCRIPTION
Number of Pages 144
650 ## - SUBJECT ADDED ENTRY--TOPICAL TERM
Topical Term GREAT PERSONALITIES
Geographic subdivision CHENNAI
942 ## - ADDED ENTRY ELEMENTS (KOHA)
Koha item type Books
Holdings
Withdrawn status Lost status Collection code Home library Current library Shelving location Date acquired Source of acquisition Full call number Accession Number Koha item type
    Reference Main Library Main Library SHELF-17-L-BIOGRAPHIES & AUTOBIOGRAPHIES 14/05/2010 PURCHASE 920 THO/G 03855 Books